Statistics for Horror Film, Quote Quiz

Click here to take the quiz!

General Stats

  • This quiz has been taken 118 times
  • The average score is 8 of 15

Answer Stats

HintAnswer% Correct
"The Power of Christ compels you!"The Exorcist
93%
"One, two, Freddy's coming for you. / Three, four, better lock your door. / Five, six, grab your crucifix. / Seven, eight, gonna stay up late. / Nine, ten, never sleep again."A Nightmare on Elm Street
89%
"Hello, Danny. Come and play with us. Come and play with us, Danny. Forever... and ever... and ever."The Shining
88%
"We're getting nowhere. Look, the boogeyman can only come out on Halloween right? Well I'm here, I'm not about to let anything happen to you."Halloween
83%
"You still don't understand what you're dealing with, do you? Perfect organism. Its structural perfection is matched only by its hostility."Alien
74%
"A census taker once tried to test me. I ate his liver with some fava beans and a nice chianti."The Silence of the Lambs
74%
"So, how do we know who's human? If I was an imitation, a perfect imitation, how would you know if it was really me?"The Thing
66%
"How would we have, like, just... made a campsite in the middle of three piles of rocks, just by coincidence?"The Blair Witch Project
55%
"Don't open my pantry, Father. I found one of them in there and I locked him in."Signs
41%
"I just wish that... all those people hadn't died here. I mean... ugh! A guy kills his whole family. Doesn't that bother you?"The Amityville Horror
34%
"There's a lady in a dirty nightgown that I see in my dreams. She's standing in front of my mom's bed."The Conjuring
25%
"When someone dies in the grip of a powerful rage... a curse is born. The curse gathers in that place of death. Those who encounter it will be consumed by its fury."The Grudge
25%
"We're going to get you. We're going to get you. Not another peep. Time to go to sleep."The Evil Dead
22%
"An encounter in the first kind, that's when you see a UFO. The second kind is when you see evidence of it: crop circles, radiation. The third kind is when you make contact..."The Fourth Kind
16%
"I get that, but honestly what was I supposed to say? On our first date, 'Hey, I think there's a demon that I think has been following me."Paranormal Activity
14%

Score Distribution

Percentile by Number Answered

Percent of People with Each Score

Your Score History

You have not taken this quiz